The Little Book Of Indian Business (Record no. 46465)

MARC details
000 -LEADER
fixed length control field 00442nam a22001697a 4500
005 - DATE AND TIME OF LATEST TRANSACTION
control field 20250812150844.0
008 - FIXED-LENGTH DATA ELEMENTS--GENERAL INFORMATION
fixed length control field 250812b |||||||| |||| 00| 0 eng d
020 ## - INTERNATIONAL STANDARD BOOK NUMBER
International Standard Book Number 9789353459154
041 ## - LANGUAGE CODE
Language code of text/sound track or separate title Eng
082 ## - DEWEY DECIMAL CLASSIFICATION NUMBER
Classification number 658.1 FIN
100 ## - MAIN ENTRY--PERSONAL NAME
Author Finshots
245 ## - TITLE STATEMENT
Title The Little Book Of Indian Business
260 ## - PUBLICATION, DISTRIBUTION, ETC.
Place New Delhi
Publisher Juggernaut Books
Publication Year 2024
300 ## - PHYSICAL DESCRIPTION
Extent 274;. p. 17 cm
650 ## - SUBJECT ADDED ENTRY--TOPICAL TERM
Subject India-Commerce; Business Management
942 ## - ADDED ENTRY ELEMENTS (KOHA)
Koha item type Books
Holdings
Withdrawn status Lost status Source of classification or shelving scheme Damaged status Not for loan Home library Current library Shelving location Accession Date Vendor Price Bill number Total Checkouts Full call number Barcode No Date last seen Date last checked out Bill Date Koha item type Suggested By
    Dewey Decimal Classification     IMTN IMTN Rack 23-A 08/12/2025 Domestic Dep. SHA Store 399.00 49011010 1 658.1 FIN 33935 09/04/2025 08/19/2025 08/01/2025 Books Faculty Purchase by Dr. Jasbir Singh Matharu
Designed & Maintained by: LRC IMT Nagpur Contact: lrc@imtnag.ac.in© 2024. All Rights Reserved.